Responses for Show #2531 - Monday, September 11, 1995

Missing prizes.

Contestants

[<< previous game]

Barbara Robson, a linguist from Arlington, Virginia

Jack Honig, a songwriter from Jericho, Vermont

Lynn Hooker, a graduate student from Chicago, Illinois (whose 1-day cash winnings total $13,401)

[next game >>]

Jeopardy! Round responses

CHEMISTRY
FAMOUS WOMEN
TRAVEL & TOURISM
THE SUPREME COURT
GUINNESS RECORDS
CROSSWORD CLUES "A"
    $100 7
tanning

Lynn
    $100 1
Sinead O'Connor

Barbara
    $100 16
London Bridge

Jack
    $100 21
the Liberty Bell

Jack
    $100 26
the Pacific

Jack
    $100 2
an apprentice

Lynn
    $200 9
(Barbara: What are fireworks?)
(Lynn: What are flares?)

matches

LynnBarbara
Triple Stumper
    $200 3
Barbara Bush

Barbara
    $200 17
salmon

Jack
    $200 22
Harvard

Jack
    $200 27
the Bible

Lynn
    $200 4
April Fool's Day

Lynn
    $300 10
chlorophyll

Lynn
    $300 5
Uhura

Jack
    $300 18
Yellowstone

Lynn
    $300 23
Nuremburg

Jack
    $300 28
a margarita

Lynn
    $300 13
adieu

Lynn
    $400 11
mercury

Lynn
    $400 6
Princess Margaret

Jack
    $400 19
Newport

Jack
    $400 24
(Lynn: What is the War of 1812?)

the Civil War

LynnJack
    $400 29
(Lynn: What is a cruise ship?)

an oil tanker

Lynn
Triple Stumper
    $400 14
an auction

Jack
    $500 12
melanin

Lynn
    $500 8
Chita Rivera

Lynn
    $500 20
Damascus

Jack
    $400 25
Gerald Ford

Jack
    $500 30
the Mekong

Barbara
    $500 15
accidental

Barbara

Scores at the first commercial break (after clue 13):

Lynn Jack Barbara
$2,200 $700 $100

Scores at the end of the Jeopardy! Round:

Lynn Jack Barbara
$2,200 $3,800 $1,100

Double Jeopardy! Round responses

MYTHOLOGY
THE 1950s
ISLANDS
MYSTERIES
OPERA
CORRUPTED WORDS
    $200 11
a centaur

Barbara
    $200 26
Pat Boone

Jack
    $200 22
Honshu

Jack
    $200 16
(Jack: Who is Agatha Christie?)

Mary Higgins Clark

Jack
Triple Stumper
    $200 5
Spain

Jack
    $200 1
an apron

Jack
    $400 12
the Sirens

Jack
    $400 27
(Lynn: What is India?)

China

LynnJack
    $400 23
Cyprus

Jack
    $400 17
The Saint

Jack
    $400 7
Eugene O'Neill

Jack
    $400 2
Cajun

Jack
    $600 13
Cerberus

Lynn
    $500 28
[Following Jack's correct response, the colors are filled in, and Alex holds up the completed artwork. The end-of-round noise plays as he is talking.]
(Alex: Here's the finished product, done by a 12-year-old from South Carolina. His name is Christopher Shallcross. You've got 9,500, select again.)
[Awkward pause]
(Alex: Oh, the time's up signal? I did not hear that with the applause, and we are at the end of Double Jeopardy!.)

oil painting by numbers

Jack
    $600 21
Jamaica

Jack
    $600 18
John le Carré

Barbara
    $600 8
oranges

Barbara
    $600 3
rigamarole

Jack
    $800 14
Cupid (or Eros)

Barbara
    $800 24
(Lynn: What is Fiji?)
...
(Alex: We've got less than a minute to go.)

Indonesia

Lynn
Triple Stumper
    $800 19
Lord Peter Wimsey

Lynn
    $800 9
Verdi

Lynn
    $800 4
doomsday

Lynn
    $1000 15
the Titans

Lynn
    $1000 25
Baffin Island

Jack
    $2,000 20
(Lynn: What is Queen?)

Shaffer

Lynn
    $1000 10
Charles I

Lynn
    $1000 6
druthers

Barbara

Scores at the end of the Double Jeopardy! Round:

Lynn Jack Barbara
$4,000 $9,500 $4,300
(lock game)

[wagering suggestions for these scores]

Final Jeopardy! Round responses

FRENCH AUTHORS
(Alex: [To Jack] I'm not familiar with Pierre Mulvey.)
(Jack: Friend of mine.)
LynnWho was Victor Hugo?
$3,000
BarbaraWho was Zola?
$4,000
JackWho is Pierre Mulvey
$0
Victor Hugo

Final scores:

Lynn Jack Barbara
$7,000 $9,500 $300
2nd place New champion: $9,500 3rd place

Game dynamics:

Coryat scores:

Lynn Jack Barbara
$6,000 $9,700 $4,300
17 R,
6 W
(including 1 DD)
27 R
(including 2 DDs),
1 W
9 R,
1 W

Combined Coryat: $20,000

[game clues] [game scores] [suggest correction]

Game tape date: Unknown
The J! Archive is created by fans, for fans. Scraping, republication, monetization, and malicious use prohibited; this site may use cookies and collect identifying information. See terms. The Jeopardy! game show and all elements thereof, including but not limited to copyright and trademark thereto, are the property of Jeopardy Productions, Inc. and are protected under law. This website is not affiliated with, sponsored by, or operated by Jeopardy Productions, Inc. Join the discussion at JBoard.tv.